| 000 | 00473nam a2200193Ia 4500 | ||
|---|---|---|---|
| 008 | 210210b1925 xxu||||| |||| 00| 0 eng d | ||
| 041 | _aeng | ||
| 082 | _a542/117 | ||
| 100 | _aSTAUDINGER (Hermann) | ||
| 245 | _aIntroduction to qualitative organic analysis | ||
| 260 |
_aLondon _bGurney & Jackson _c1925 |
||
| 300 | _a112 | ||
| 650 | _aqualitative | ||
| 650 | _aorganic | ||
| 650 | _aIntroduction | ||
| 650 | _aanalysis | ||
| 690 | _aChemistry | ||
| 906 | _a009351 | ||
| 999 |
_c127864 _d127864 |
||